Statistics for Aurebesh Alphabet

Click here to take the quiz!

General Stats

  • This quiz has been taken 17 times
  • The average score is 9 of 34

Answer Stats

LetterAnswer% Correct
Bbesh
100%
Aaurek
78%
Eesk
67%
Ccresh
56%
Chcherek
44%
Ddorn
44%
Fforn
33%
Nnern
33%
Uusk
33%
Aeenth
22%
Ggrek
22%
Hherf
22%
Iisk
22%
Jjenth
22%
Kkrill
22%
Mmern
22%
Eoonith
22%
Oosk
22%
Rresh
22%
Xxesh
22%
Yyirt
22%
Zzerek
22%
Khkrenth
11%
Lleth
11%
Ngnen
11%
Ooorenth
11%
Ppeth
11%
Qqek
11%
Ssenth
11%
Shshen
11%
Ththesh
11%
Ttrill
11%
Vvev
11%
Wwesk
11%

Score Distribution

Percentile by Number Answered

Percent of People with Each Score

Your Score History

You have not taken this quiz